[Event "St Petersburg Korchnoi Memorial op"]
[Site "St Petersburg"]
[Date "2018.08.21"]
[Round "7"]
[White "Kolchin, Maxim"]
[Black "Khalaji, Hanieh"]
[Result "1-0"]
[WhiteElo "2000"]
[BlackElo "2150"]
[PlyCount "87"]
[EventDate "2018.08.15"]
[EventType "swiss"]
[EventRounds "9"]
[EventCountry "RUS"]
[SourceTitle "CBM 186 Extra"]
[Source "ChessBase"]
[SourceDate "2018.08.24"]
[SourceVersion "1"]
[SourceVersionDate "2018.08.24"]
[SourceQuality "1"]

1. d4 d5 2. Bf4 Nf6 3. e3 c5 4. Nf3 Nc6 5. Nbd2 Bf5 6. c3 e6 7. h3 Qb6 8. Qc1 Rc8 9. a3 h6 10. Be2 c4 11. Ne5 Na5 12. 0-0 Ne4 13. Bd1 Be7 14. Ba4+ Nc6 15. Nxe4 Bxe4 16. Qd2 f6 17. Nxc6 bxc6 18. f3 Bd3 19. Rfe1 Kf7 20. b4 Rhe8 21. Kh1 e5 22. Bh2 Bd6 23. Bc2 Bxc2 24. Qxc2 Re6 25. Bg1 e4 26. f4 f5 27. Bh2 g5 28. Qe2 Kg6 29. g4 Rf8 30. Rf1 Qd8 31. fxg5 hxg5 32. gxf5+ Rxf5 33. Rxf5 Kxf5 34. Qh5 Rf6 35. Bxd6 Qxd6 36. Rf1+ Ke6 37. Qe8+ Qe7 38. Qxc6+ Kf7 39. Rxf6+ Qxf6 40. Qxf6+ Kxf6 41. a4 Kf5 42. Kg2 a6 43. Kg3 Kf6 44. Kg4 1-0

[Event "St Petersburg Korchnoi Memorial op"]
[Site "St Petersburg"]
[Date "2018.08.20"]
[Round "6"]
[White "Khalaji, Hanieh"]
[Black "Natarov, Ilya"]
[Result "1/2-1/2"]
[WhiteElo "2150"]
[BlackElo "1981"]
[PlyCount "98"]
[EventDate "2018.08.15"]
[EventType "swiss"]
[EventRounds "9"]
[EventCountry "RUS"]
[SourceTitle "CBM 186 Extra"]
[Source "ChessBase"]
[SourceDate "2018.08.24"]
[SourceVersion "1"]
[SourceVersionDate "2018.08.24"]
[SourceQuality "1"]

1. d4 d5 2. Bf4 Nf6 3. e3 c5 4. c3 Nc6 5. Nd2 cxd4 6. exd4 Bf5 7. Qb3 Qc8 8. Ngf3 e6 9. Bb5 Be7 10. Ne5 0-0 11. Ndf3 Nxe5 12. Nxe5 a6 13. Be2 Nd7 14. Nd3 b5 15. a4 Qc4 16. Qd1 Qc6 17. 0-0 Rfc8 18. h3 Bxd3 19. Bxd3 Nb6 20. axb5 axb5 21. Qh5 g6 22. Qe2 Nc4 23. b3 Nd6 24. Rac1 Ra3 25. Bc2 Ne4 26. Bxe4 dxe4 27. c4 bxc4 28. Rxc4 Qb7 29. Rxc8+ Qxc8 30. Rc1 Qa8 31. Qb5 Ra1 32. Rxa1 Qxa1+ 33. Kh2 Qxd4 34. Qe8+ Bf8 35. Bh6 Qd6+ 36. g3 Qc5 37. Kg2 e5 38. Bxf8 Qxf8 39. Qxe5 Qa8 40. Kg1 Qd8 41. Qc3 Qd1+ 42. Kg2 Qd5 43. Kh2 Qd3 44. Qb2 h5 45. b4 h4 46. Qe5 Qd2 47. Qc5 e3 48. Qxe3 hxg3+ 49. Qxg3 Qxb4 1/2-1/2

[Event "St Petersburg Korchnoi Memorial op"]
[Site "St Petersburg"]
[Date "2018.08.19"]
[Round "5"]
[White "Kjartansson, Gudmundur"]
[Black "Khalaji, Hanieh"]
[Result "1-0"]
[WhiteElo "2434"]
[BlackElo "2150"]
[PlyCount "59"]
[EventDate "2018.08.15"]
[EventType "swiss"]
[EventRounds "9"]
[EventCountry "RUS"]
[SourceTitle "CBM 186 Extra"]
[Source "ChessBase"]
[SourceDate "2018.08.24"]
[SourceVersion "1"]
[SourceVersionDate "2018.08.24"]
[SourceQuality "1"]

1. c4 c6 2. Nf3 d5 3. g3 Bg4 4. Bg2 Nd7 5. cxd5 cxd5 6. Nc3 e6 7. h3 Bh5 8. d3 Bd6 9. e4 Ne7 10. 0-0 0-0 11. Bg5 f6 12. Be3 Re8 13. g4 Bf7 14. exd5 Nxd5 15. Nxd5 exd5 16. Nd4 Nf8 17. Qb3 Bc7 18. Qxb7 Rb8 19. Qxa7 Ng6 20. Rfc1 Bb6 21. Qa4 Ra8 22. Qd1 Bxd4 23. Bxd4 Nf4 24. Bf1 Ne6 25. Be3 d4 26. Bd2 f5 27. gxf5 Nc7 28. Qg4 Ra6 29. Rc5 Bxa2 30. Ba5 1-0

[Event "St Petersburg Korchnoi Memorial op"]
[Site "St Petersburg"]
[Date "2018.08.18"]
[Round "4"]
[White "Khalaji, Hanieh"]
[Black "Bajarani, Ulvi"]
[Result "1/2-1/2"]
[WhiteElo "2150"]
[BlackElo "2425"]
[PlyCount "51"]
[EventDate "2018.08.15"]
[EventType "swiss"]
[EventRounds "9"]
[EventCountry "RUS"]
[SourceTitle "CBM 186 Extra"]
[Source "ChessBase"]
[SourceDate "2018.08.24"]
[SourceVersion "1"]
[SourceVersionDate "2018.08.24"]
[SourceQuality "1"]

1. e4 e6 2. d4 d5 3. Nd2 c5 4. Ngf3 cxd4 5. Nxd4 Nc6 6. Bb5 Bd7 7. Bxc6 Bxc6 8. Nxc6 bxc6 9. c4 Rc8 10. cxd5 cxd5 11. Qa4+ Qd7 12. Qxd7+ Kxd7 13. exd5 exd5 14. 0-0 Nf6 15. Nb3 Bd6 16. Be3 Ng4 17. g3 Nxe3 18. fxe3 f6 19. Rad1 Ke6 20. Nd4+ Ke5 21. Kg2 Bc5 22. Rf5+ Ke4 23. Rf4+ Ke5 24. Rf5+ Ke4 25. Rf4+ Ke5 26. Rf5+ 1/2-1/2

[Event "St Petersburg Korchnoi Memorial op"]
[Site "St Petersburg"]
[Date "2018.08.17"]
[Round "3"]
[White "Duzhakov, Ilya"]
[Black "Khalaji, Hanieh"]
[Result "1-0"]
[WhiteElo "2441"]
[BlackElo "2150"]
[PlyCount "39"]
[EventDate "2018.08.15"]
[EventType "swiss"]
[EventRounds "9"]
[EventCountry "RUS"]
[SourceTitle "CBM 186 Extra"]
[Source "ChessBase"]
[SourceDate "2018.08.24"]
[SourceVersion "1"]
[SourceVersionDate "2018.08.24"]
[SourceQuality "1"]

1. e4 c6 2. d4 d5 3. f3 dxe4 4. fxe4 e5 5. Nf3 Bg4 6. Bc4 Nd7 7. c3 Bh5 8. 0-0 Ngf6 9. Bg5 Be7 10. Nbd2 Qc7 11. Qe1 0-0-0 12. dxe5 Bc5+ 13. Kh1 Ng4 14. Bxd8 Rxd8 15. Qh4 g6 16. b4 Be3 17. e6 Ndf6 18. exf7 g5 19. Qh3 Kb8 20. e5 1-0

[Event "IRI-chT 16th"]
[Site "Sari"]
[Date "2017.11.29"]
[Round "3.5"]
[White "Khalaji, Hanieh"]
[Black "Hamedi Nia, Vesal"]
[Result "1/2-1/2"]
[WhiteElo "2137"]
[BlackElo "1914"]
[PlyCount "52"]
[EventDate "2017.09.13"]
[EventType "team-swiss"]
[EventRounds "11"]
[EventCountry "IRI"]
[SourceTitle "EXT 2019"]
[Source "ChessBase"]
[SourceDate "2018.10.10"]
[SourceVersion "1"]
[SourceVersionDate "2018.10.10"]
[SourceQuality "1"]
[WhiteTeam "Tabriz Shahrdari"]
[BlackTeam "Mazandaran Damoon Sakht"]
[WhiteTeamCountry "IRI"]
[BlackTeamCountry "IRI"]

1. e4 c5 2. Nf3 e6 3. c3 d5 4. exd5 Qxd5 5. d4 Nf6 6. Be3 cxd4 7. cxd4 Nc6 8. Nc3 Qd6 9. Qd2 Be7 10. Be2 0-0 11. 0-0 Nb4 12. Bf4 Qd8 13. Bc4 Nbd5 14. Be5 h6 15. Rac1 a6 16. Bd3 Bd7 17. Bb1 Bc6 18. Rfe1 Re8 19. Bg3 Nxc3 20. bxc3 Ba3 21. Rcd1 Ba4 22. Bc2 Bxc2 23. Qxc2 b5 24. Ne5 Nd5 25. Qb3 Bd6 26. c4 bxc4 1/2-1/2

[Event "Chigorin Memorial 25th"]
[Site "St Petersburg"]
[Date "2017.10.21"]
[Round "1"]
[White "Khalaji, Hanieh"]
[Black "Paravyan, David"]
[Result "0-1"]
[WhiteElo "2093"]
[BlackElo "2548"]
[PlyCount "70"]
[EventDate "2017.10.21"]
[EventType "swiss"]
[EventRounds "9"]
[EventCountry "RUS"]
[SourceTitle "CBM 181 Extra"]
[Source "ChessBase"]
[SourceDate "2017.12.12"]
[SourceVersion "1"]
[SourceVersionDate "2017.12.12"]
[SourceQuality "1"]

1. e4 c5 2. Nc3 e6 3. Nge2 Nf6 4. g3 b5 5. Bg2 Bb7 6. d3 b4 7. Nb1 d5 8. e5 Nfd7 9. f4 Be7 10. 0-0 0-0 11. Nd2 a5 12. Nf3 Nc6 13. g4 a4 14. Ng3 Qb6 15. Be3 Rfc8 16. g5 Bf8 17. Nh5 Ne7 18. Bh3 d4 19. Bd2 b3 20. Rf2 c4 21. axb3 axb3 22. Rxa8 bxc2 23. Qxc2 Bxa8 24. Qd1 Qxb2 25. dxc4 Rxc4 26. Bf1 Rc8 27. Be3 Qa3 28. Qxd4 Nd5 29. Bd3 Nxe3 30. Qxe3 Bc5 31. Qe2 Bxf2+ 32. Kxf2 Rc3 33. Be4 Qc5+ 34. Kg2 Re3 35. Qd2 Bxe4 0-1

[Event "Moscow op-B (Women)"]
[Site "Moscow"]
[Date "2016.02.07"]
[Round "9"]
[White "Khalaji, Hanieh"]
[Black "Filippova, Darya"]
[Result "1-0"]
[WhiteElo "2134"]
[BlackElo "2016"]
[PlyCount "61"]
[EventDate "2016.01.30"]
[EventType "swiss"]
[EventRounds "9"]
[EventCountry "RUS"]
[SourceTitle "CBM 170 Extra"]
[Source "ChessBase"]
[SourceDate "2016.02.25"]
[SourceVersion "1"]
[SourceVersionDate "2016.02.25"]
[SourceQuality "1"]

1. d4 Nf6 2. c3 d5 3. Bf4 Bf5 4. e3 e6 5. Nd2 c5 6. Ngf3 Nc6 7. Bb5 Nd7 8. 0-0 Be7 9. dxc5 g5 10. Bd6 Bxd6 11. cxd6 a6 12. Bxc6 bxc6 13. Qa4 Rc8 14. e4 Bg6 15. exd5 cxd5 16. Ne5 f6 17. Nxg6 hxg6 18. Rfe1 Kf7 19. Qxa6 Qf8 20. Re3 Rd8 21. Nf3 g4 22. Nd4 e5 23. Qc6 Qh6 24. Qxd5+ Kf8 25. Ne6+ Ke8 26. Nc7+ Kf8 27. h3 f5 28. Ne6+ Ke8 29. Nxd8 f4 30. Rxe5+ Kxd8 31. Qa8+ 1-0

[Event "Moscow op-B (Women)"]
[Site "Moscow"]
[Date "2016.02.03"]
[Round "5"]
[White "Khalaji, Hanieh"]
[Black "Mamontova, Anastasia"]
[Result "1/2-1/2"]
[WhiteElo "2134"]
[BlackElo "1975"]
[PlyCount "107"]
[EventDate "2016.01.30"]
[EventType "swiss"]
[EventRounds "9"]
[EventCountry "RUS"]
[SourceTitle "CBM 170 Extra"]
[Source "ChessBase"]
[SourceDate "2016.02.25"]
[SourceVersion "1"]
[SourceVersionDate "2016.02.25"]
[SourceQuality "1"]

1. e4 c6 2. d4 d5 3. exd5 cxd5 4. Bd3 Nc6 5. c3 Qc7 6. Ne2 Bg4 7. f3 Bd7 8. 0-0 e5 9. Re1 Bd6 10. dxe5 Nxe5 11. Bf4 Ne7 12. Kh1 Nxd3 13. Bxd6 Nf2+ 14. Kg1 Nh3+ 15. gxh3 Qxd6 16. Qd4 0-0 17. Ng3 Nc6 18. Qf2 Ne5 19. Re3 Ng6 20. Nd2 f5 21. Ne2 f4 22. Rd3 Ne5 23. Rd4 Nc6 24. Kh1 Rae8 25. Ne4 Qe5 26. Rd2 dxe4 27. Rxd7 exf3 28. Ng1 Qb5 29. Nxf3 Ne5 30. Rd2 Qc6 31. Rf1 Nc4 32. Rd4 Rf6 33. b3 Ne3 34. Rg1 g6 35. c4 Rf5 36. h4 Nc2 37. Rd2 Ne3 38. Rd4 Nc2 39. Rd2 Re3 40. Rf1 Ne1 41. Rxe1 Rxf3 42. Rd8+ Kg7 43. Qd4+ Kh6 44. Kg1 Qf6 45. Qxf6 Rxf6 46. Rd7 Rc3 47. Rxb7 f3 48. Rf1 Rc2 49. Rxa7 Kh5 50. Rf2 Rc1+ 51. Rf1 Rc2 52. Rf2 Rc1+ 53. Rf1 Rc2 54. Rf2 1/2-1/2

[Event "Moscow op-B (Women)"]
[Site "Moscow"]
[Date "2016.02.01"]
[Round "3"]
[White "Antonova, Nadezhda"]
[Black "Khalaji, Hanieh"]
[Result "1-0"]
[WhiteElo "1966"]
[BlackElo "2134"]
[PlyCount "79"]
[EventDate "2016.01.30"]
[EventType "swiss"]
[EventRounds "9"]
[EventCountry "RUS"]
[SourceTitle "CBM 170 Extra"]
[Source "ChessBase"]
[SourceDate "2016.02.25"]
[SourceVersion "1"]
[SourceVersionDate "2016.02.25"]
[SourceQuality "1"]

1. d4 d5 2. Nf3 Bf5 3. e3 e6 4. c4 c6 5. Nc3 Nf6 6. Be2 Nbd7 7. Nh4 Bg6 8. Nxg6 hxg6 9. f4 Bb4 10. Bf3 Nb6 11. c5 Nc8 12. 0-0 Ne7 13. Ne2 Nf5 14. Qb3 Ba5 15. Qxb7 Ne7 16. Qa6 Bc7 17. g3 Qd7 18. Bd2 Nf5 19. b4 Nh6 20. Rf2 Nhg4 21. Rg2 Rh3 22. Nc3 Ke7 23. Qe2 Nh6 24. b5 Rh8 25. a4 Nf5 26. Rb1 g5 27. bxc6 Qxc6 28. Qb5 Qxb5 29. Nxb5 g4 30. Bd1 Rb8 31. Bc2 Ne8 32. Nxa7 Rxb1+ 33. Bxb1 g5 34. Bxf5 exf5 35. fxg5 Rh5 36. Nb5 Bb8 37. a5 Nc7 38. Nd6 Ke6 39. Rf2 Na6 40. Rxf5 1-0

[Event "Asian Continental op (Women) 14th"]
[Site "Al Ain"]
[Date "2015.08.05"]
[Round "4"]
[White "Khalaji, Hanieh"]
[Black "Hakimifard, Ghazal"]
[Result "1/2-1/2"]
[WhiteElo "1965"]
[BlackElo "2219"]
[PlyCount "110"]
[EventDate "2015.08.02"]
[EventType "swiss"]
[EventRounds "9"]
[EventCountry "UAE"]
[SourceTitle "CBM 167 Extra"]
[Source "ChessBase"]
[SourceDate "2015.09.14"]
[SourceVersion "1"]
[SourceVersionDate "2015.09.14"]
[SourceQuality "1"]

1. e4 c5 2. Nc3 a6 3. g3 b5 4. Bg2 Bb7 5. f4 e6 6. d3 Nf6 7. Nf3 d5 8. e5 Nfd7 9. d4 Be7 10. Ne2 Nc6 11. Be3 Qa5+ 12. c3 b4 13. 0-0 0-0 14. g4 bxc3 15. bxc3 cxd4 16. cxd4 Rfc8 17. a3 Qd8 18. f5 Na5 19. Nf4 Nc4 20. Bc1 Qb6 21. Kh1 Rc6 22. g5 Rac8 23. g6 hxg6 24. fxe6 Rxe6 25. Nxe6 Qxe6 26. Ng5 Bxg5 27. Bxg5 Nf8 28. Qb3 Qd7 29. Bh3 Ne6 30. Bxe6 fxe6 31. Rf3 Nxe5 32. dxe5 d4 33. Kg1 Bd5 34. Qd1 Bxf3 35. Qxf3 Rf8 36. Qe4 Rf5 37. Bh4 g5 38. Bg3 Qa4 39. Qd3 Rf8 40. Rd1 Rb8 41. Qxd4 Qxa3 42. Qd6 Qb3 43. Qd3 Qa2 44. Rf1 Rb2 45. Qf3 a5 46. Qa8+ Kh7 47. Qe4+ Kg8 48. Bf2 Re2 49. Qg6 Rc2 50. Qxg5 a4 51. Qg6 a3 52. Bh4 Qb3 53. Qf7+ Kh7 54. Qh5+ Kg8 55. Qf7+ Kh7 1/2-1/2

[Event "Asian Continental op (Women) 14th"]
[Site "Al Ain"]
[Date "2015.08.03"]
[Round "2"]
[White "Lei, Tingjie"]
[Black "Khalaji, Hanieh"]
[Result "1-0"]
[WhiteElo "2436"]
[BlackElo "1965"]
[PlyCount "77"]
[EventDate "2015.08.02"]
[EventType "swiss"]
[EventRounds "9"]
[EventCountry "UAE"]
[SourceTitle "CBM 167 Extra"]
[Source "ChessBase"]
[SourceDate "2015.09.14"]
[SourceVersion "1"]
[SourceVersionDate "2015.09.14"]
[SourceQuality "1"]

1. Nf3 d5 2. g3 Nf6 3. Bg2 g6 4. c4 c6 5. b3 Bg7 6. Bb2 0-0 7. d3 Nbd7 8. 0-0 Re8 9. Nc3 e5 10. cxd5 Nxd5 11. Ne4 Nf8 12. Qc2 f5 13. Nc3 Be6 14. Rad1 Rc8 15. Qc1 Bf7 16. Ng5 Qf6 17. Nxf7 Qxf7 18. Qa1 Nf6 19. Na4 N8d7 20. Qc1 h6 21. e4 Kh7 22. Nc3 Nh5 23. exf5 gxf5 24. Qc2 Kh8 25. Ne2 f4 26. Bf3 Qf5 27. Kg2 Ndf6 28. Ng1 Nd5 29. Kh1 Nhf6 30. Qe2 Red8 31. Be4 Qe6 32. Nf3 Ng4 33. Nh4 Ne7 34. gxf4 Bf6 35. f5 Qg8 36. Rg1 h5 37. f3 Qg7 38. fxg4 Bxh4 39. g5 1-0

[Event "IRI-ch (Women)"]
[Site "Tehran"]
[Date "2014.12.09"]
[Round "4"]
[White "Khalaji, Hanieh"]
[Black "Alinasab, Mobina"]
[Result "1-0"]
[WhiteElo "1944"]
[BlackElo "1881"]
[PlyCount "79"]
[EventDate "2014.12.07"]
[EventType "swiss"]
[EventRounds "11"]
[EventCountry "IRI"]
[SourceTitle "CBM 163 Extra"]
[Source "ChessBase"]
[SourceDate "2014.12.23"]
[SourceVersion "1"]
[SourceVersionDate "2014.12.23"]
[SourceQuality "1"]

1. e4 e6 2. d4 d5 3. exd5 exd5 4. Nf3 Nc6 5. Bd3 Bd6 6. c3 Nge7 7. 0-0 Bg4 8. Re1 Qd7 9. Nbd2 0-0-0 10. b4 Ng6 11. b5 Nce7 12. Qa4 Kb8 13. Ne5 Nxe5 14. dxe5 Bc5 15. Nb3 Bb6 16. Qb4 Bf5 17. Bxf5 Qxf5 18. Nd4 Bxd4 19. Qxd4 Nc8 20. a4 Rhe8 21. Bf4 g5 22. Bg3 h5 23. h3 h4 24. Bh2 Qe6 25. Kh1 Nb6 26. Bg1 Nc8 27. a5 Qd7 28. Rab1 Qe6 29. f3 Rd7 30. Rbd1 Qf5 31. a6 Nb6 32. Qc5 bxa6 33. bxa6 Qe6 34. Be3 Qg6 35. c4 c6 36. Qb4 Kc7 37. cxd5 cxd5 38. Bc5 Re6 39. Rc1 Nc4 40. Qb7+ 1-0

[Event "Tehran 03"]
[Site "Tehran"]
[Date "2013.03.15"]
[Round "13"]
[White "Nadalipour, Golnaz"]
[Black "Khalaji, Hanieh"]
[Result "0-1"]
[WhiteElo "1839"]
[BlackElo "1969"]
[PlyCount "22"]
[EventDate "2013.03.09"]
[EventType "tourn"]
[EventRounds "15"]
[EventCountry "IRI"]
[SourceTitle "EXT 2018"]
[Source "ChessBase"]
[SourceDate "2017.10.13"]
[SourceVersion "1"]
[SourceVersionDate "2017.10.13"]
[SourceQuality "1"]

1. d4 d6 2. Nf3 g6 3. Bf4 Bg7 4. c3 Nf6 5. h3 0-0 6. e3 b6 7. Bd3 Bb7 8. Nbd2 Re8 9. 0-0 e5 10. Bg5 e4 11. Bb5 c6 0-1

[Event "Tehran 03"]
[Site "Tehran"]
[Date "2013.03.11"]
[Round "6"]
[White "Khalaji, Hanieh"]
[Black "Nooronei, Sh"]
[Result "0-1"]
[WhiteElo "1969"]
[BlackElo "2206"]
[PlyCount "26"]
[EventDate "2013.03.09"]
[EventType "tourn"]
[EventRounds "15"]
[EventCountry "IRI"]
[SourceTitle "EXT 2018"]
[Source "ChessBase"]
[SourceDate "2017.10.13"]
[SourceVersion "1"]
[SourceVersionDate "2017.10.13"]
[SourceQuality "1"]

1. e4 e6 2. d4 b6 3. c4 Bb7 4. Bd3 f5 5. Nc3 Bb4 6. exf5 Bxg2 7. Qh5+ Kf8 8. fxe6 dxe6 9. Be4 Bxc3+ 10. bxc3 Bxe4 11. f3 Bb7 12. Bg5 Nf6 13. Ne2 Nbd7 0-1

[Event "Wch U16 Girls"]
[Site "Porto Carras"]
[Date "2010.10.24"]
[Round "6"]
[White "Khalaji, Hanieh"]
[Black "Bea, Boglarka"]
[Result "1-0"]
[WhiteElo "1947"]
[BlackElo "2109"]
[PlyCount "60"]
[EventDate "2010.10.20"]
[EventType "swiss"]
[EventRounds "11"]
[EventCountry "GRE"]
[SourceTitle "EXT 2011"]
[Source "ChessBase"]
[SourceDate "2010.11.26"]
[SourceVersion "1"]
[SourceVersionDate "2010.11.26"]
[SourceQuality "1"]

1. e4 c5 2. Nf3 e6 3. c3 d5 4. exd5 exd5 5. d4 Nf6 6. Bb5+ Nc6 7. 0-0 Be7 8. dxc5 Bxc5 9. Bg5 Be6 10. Nbd2 h6 11. Bh4 Bb6 12. Ne5 Rc8 13. Qa4 g5 14. Nxc6 bxc6 15. Bxc6+ Kf8 16. Bg3 Bc7 17. Nb3 h5 18. Nd4 h4 19. Bxc7 Qxc7 20. Rfe1 Bg4 21. Qb4+ Kg7 22. Re7 Qf4 23. f3 Kg6 24. Bb7 Rc4 25. Qb3 Rxd4 26. cxd4 Qxd4+ 27. Qe3 Qxb2 28. Re1 h3 29. Qf2 Qxf2+ 30. Kxf2 Be6 1-0

[Event "Wch U16 Girls"]
[Site "Porto Carras"]
[Date "2010.10.21"]
[Round "2"]
[White "Khalaji, Hanieh"]
[Black "Iwanow, Anna"]
[Result "0-1"]
[WhiteElo "1947"]
[BlackElo "2112"]
[PlyCount "66"]
[EventDate "2010.10.20"]
[EventType "swiss"]
[EventRounds "11"]
[EventCountry "GRE"]
[SourceTitle "EXT 2011"]
[Source "ChessBase"]
[SourceDate "2010.11.26"]
[SourceVersion "1"]
[SourceVersionDate "2010.11.26"]
[SourceQuality "1"]

1. e4 e5 2. Nf3 Nc6 3. Bc4 Nf6 4. d3 Bc5 5. c3 d6 6. h3 a6 7. Bb3 Ba7 8. 0-0 h6 9. Re1 g5 10. Nh2 Rg8 11. Qf3 h5 12. Be3 g4 13. hxg4 hxg4 14. Qe2 Nh5 15. Bxa7 Nf4 16. Qe3 Nxa7 17. Nd2 Qf6 18. d4 Nc6 19. d5 Ne7 20. Ba4+ Kf8 21. Bd1 Qh6 22. Ndf1 f5 23. c4 Bd7 24. Qb3 b6 25. Qa3 Kf7 26. Ba4 b5 27. Bc2 Rg5 28. Qa5 Rh5 29. Qc3 Rh8 30. Qg3 Ne2+ 31. Rxe2 f4 32. Qc3 Rxh2 33. f3 g3 0-1

[Event "Wch U14 Girls"]
[Site "Kemer"]
[Date "2007.11.24"]
[Round "7"]
[White "Khalaji, Hanieh"]
[Black "Kushka, Alena"]
[Result "1-0"]
[WhiteElo "1872"]
[BlackElo "2036"]
[PlyCount "104"]
[EventDate "2007.11.18"]
[EventType "swiss"]
[EventRounds "11"]
[EventCountry "TUR"]
[SourceTitle "CBM 121 Extra"]
[Source "ChessBase"]
[SourceDate "2008.01.10"]
[SourceVersion "1"]
[SourceVersionDate "2008.01.10"]
[SourceQuality "1"]

1. e4 c5 2. c3 Nf6 3. e5 Nd5 4. d4 cxd4 5. Nf3 Nc6 6. cxd4 d6 7. Bc4 e6 8. 0-0 Be7 9. Bxd5 exd5 10. Qb3 0-0 11. Rd1 Be6 12. Qxb7 Na5 13. Qa6 Qb6 14. Qd3 dxe5 15. Nxe5 Nc4 16. Nxc4 dxc4 17. Qc3 Bd5 18. Na3 Qg6 19. f3 Rac8 20. Nc2 Bd6 21. Bd2 Rfe8 22. Re1 Qh5 23. h3 Qh4 24. Ne3 Be6 25. Nf1 a5 26. Re4 Qf6 27. Qxa5 Bf5 28. Rxe8+ Rxe8 29. Be3 Qg6 30. Kh1 Bd3 31. Bf2 h6 32. Qc3 Rb8 33. Ne3 Bb4 34. Qc1 Rc8 35. Be1 Bd6 36. a3 Qf6 37. Ng4 Qxd4 38. Bf2 Qd5 39. Qxh6 gxh6 40. Nf6+ Kf8 41. Nxd5 Be5 42. Nc3 Kg7 43. Re1 f6 44. g3 Rb8 45. f4 Rxb2 46. Nd1 Rd2 47. fxe5 fxe5 48. Kg1 Kf6 49. g4 Ra2 50. Nc3 Rxa3 51. Rc1 e4 52. Bc5 Rb3 1-0